| 000 | 00000nam 2200000za 4500 |
| 001 | 9.846663 |
| 003 | CaOODSP |
| 005 | 20221107153246 |
| 007 | cr ||||||||||| |
| 008 | 171106s1950 oncd os f000 0 eng d |
| 040 | |aCaOODSP|beng |
| 043 | |an-cn--- |
| 086 | 1 |aCS62-508/1950E-PDF |
| 245 | 00|aExport and import price indexes by months, July 1945-June 1950 (1948:100) |h[electronic resource]. |
| 246 | 16|aExport and import price indexes : |bJuly, 1945 to June, 1950 |
| 260 | |aOttawa : |bDominion Bureau of Statistics, |c1950. |
| 300 | |a52 p. : |bcharts |
| 490 | 1 |aD.B.S. reference papers, 1950 ; |vno. 8 |
| 500 | |aCover title. |
| 500 | |a"October, 1950." |
| 500 | |aChiefly tables. |
| 500 | |aDigitized edition from print [produced by Statistics Canada]. |
| 520 | |a“This new monthly record of export and import price indexes is on a post-war base and uses a post-war weighting system (1948 = 100). It may be used to deflate trade values in order to derive volume comparisons. The series will be kept up to date henceforth and, beginning in 1951, will be published each month in "Trade of Canada" together with derived quantity indexes. A summary table of value indexes and the derived quantity indexes is given in the attached appendix”--p. [1]. |
| 530 | |aIssued also in print format. |
| 692 | 07|2gccst|aExports |
| 692 | 07|2gccst|aImports |
| 692 | 07|2gccst|aPrices |
| 692 | 07|2gccst|aStatistics |
| 692 | 07|2gccst|aPrice indexes |
| 710 | 1 |aCanada. |bDominion Bureau of Statistics. |bPrices Section. |
| 830 | #0|aD.B.S. reference papers ;|vno. 8|w(CaOODSP)9.812168 |
| 856 | 40|qPDF|s9.56 MB|uhttps://publications.gc.ca/collections/collection_2017/statcan/CS62-508-1950-eng.pdf |
| 986 | |a62-508 |